00361 a2200145 4500003000400000005001700004008004100021020001800062040000900080082001500089100001500104245005500119260003200174300000900206OSt20240111121943.0240111b |||||||| |||| 00| 0 eng d a9789382581499 coclc a297bAKB/M aAkbar, M M aManushya Sareeram oru adbudha shristi /cM M Akbar aKerala:bDa'wa books,c2014 a164p